000 02667cam a22003138i 4500
001 23920811
005 20250616094954.0
008 241113s2025 mau b 001 0 eng
010 _a 2024024721
020 _a9780262049504
_q(hardcover)
020 _z9780262381789
_q(epub)
020 _z9780262381796
_q(pdf)
040 _aDLC
_beng
_erda
_cDLC
041 _aeng
042 _apcc
050 0 0 _aHD9349.C6
_bC34 2025
100 _aCarpenter, Murray,
_eauthor.
_925406
245 1 0 _aSweet and deadly
_b: how Coca-Cola spreads disinformation and makes us sick
_c/ Murray Carpenter.
264 1 _aCambridge :
_bThe MIT Press,
_c2025.
300 _a328 pages ; 24 cm
504 _aIncludes bibliographical references and index.
505 _aPrologue: sending the memo — Part I: Carb-o-nation — Part II: A balancing act, 2010–2015 — Part III: Astroturf and taxes — Part IV: Coke in court — Part V: The noose tightens — Epilogue: Coke slips the noose.
520 _aHow Coca-Cola makes Americans sick—and makes sure we don't know it. If we knew that Coca-Cola was among the deadliest products in our diet, would we continue drinking it in such great quantities? The Coca-Cola Company has gone to extraordinary lengths to make sure we don’t find out, as this damning exposé makes patently clear. Marshaling the findings of extensive research and deep investigative reporting, Murray Carpenter describes in Sweet and Deadly the damage Coke does to America’s health—and the remarkable campaign of disinformation conducted by the company to keep consumers in the dark. Sugar-sweetened beverages are the single item in the American diet that most contributes to the epidemic of chronic disease—in particular, obesity, type 2 diabetes, and cardiovascular disease—and Coca-Cola is America’s favorite sugar-sweetened beverage, by far. Carpenter details how the Coca-Cola corporation’s sophisticated shadow network has masterfully spread disinformation for decades to hide the health risks of its product from consumers—risks disproportionately borne by Black, brown, and low-income communities. Working from a playbook of obfuscation and pseudoscience that has worked well for other harmful products, from tobacco and trans fats to opioids, Coca-Cola has managed to maintain an aura of goodness and happiness. This eye-opening book finally and fully reveals the truth behind that aura.
_cProvided by publisher.
650 0 _aCoca Cola (Trademark)
_925407
650 0 _aCola drinks
_xHealth aspects.
650 0 _aSelling
_xCola drinks.
942 _2lcc
999 _c4726
_d4726